SAMOCHODY KTÓRE SPOTYKAM PRZY DOMU - Statystyki

Ogólne statystyki
  • Ten quiz został rozwiązany 278 razy
    258 od ostatniego zresetowania
  • Średni wynik to 9 z 13
Statystyki odpowiedzi
Odpowiedź % Poprawnych
BMW
96%
AUDI
94%
MERCEDES
83%
OPEL
81%
VOLKSWAGEN
75%
Ford
74%
FIAT
72%
TOYOTA
72%
CITROEN
65%
KIA
53%
VOLVO
51%
SEAT
49%
MITSUBISHI
23%
Nie znaleziono quizów pasujących do podanych kryteriów
Rozkład punktacji
Procent ludzi z każdym wynikiem
Percentyl według liczby udzielonych odpowiedzi
Twoja historia wyników
Nie rozwiązałeś tego quizu od ostatniego zresetowania